| 000 | 00678nam a2200217Ia 4500 | ||
|---|---|---|---|
| 008 | 191130s1995##################000#0#eng## | ||
| 020 | _a9780521482967 | ||
| 022 | _a94040931 | ||
| 040 |
_aACL _cACL |
||
| 082 | _a512.9434 BRU | ||
| 100 | _aBrualdi, Richard A | ||
| 245 |
_aMatrices of sign-solvable linear systems _cRichard A. Brualdi, Bryan L. Shader |
||
| 260 |
_aCambridge _bCambridge University Press _c1995 |
||
| 300 | _axii, 298 p. : ill. ; 24 cm | ||
| 500 | _aIncludes bibliographical references (p. 289-293) and index | ||
| 650 | _aMatrices | ||
| 700 | _aShader, Bryan L | ||
| 990 | _a6212acd7ac10000c3cf05876c3807553 | ||
| 991 | _a178657 | ||
| 999 |
_c378986 _d378986 |
||